[Event "Greek Team Championship"]
[Site "chess24.com"]
[Date "2017.07.07"]
[Round "6"]
[White "Ioannidis, Evgenios"]
[Black "Loutragotis, Paraskevas Pantelei"]
[Result "1-0"]
[Board "9"]
[WhiteElo "2388"]
[WhiteTitle "FM"]
[WhiteCountry "GRE"]
[WhiteFideId "4229274"]
[WhiteEloChange "2"]
[BlackElo "1891"]
[BlackCountry "GRE"]
[BlackFideId "4278771"]
[BlackEloChange "-2"]

1. d4 {[%clk 1:30:55]} Nf6 {[%clk 1:30:47]} 2. c4 {[%clk 1:31:12]} g6 {[%clk
1:31:06]} 3. Nf3 {[%clk 1:31:26]} Bg7 {[%clk 1:31:29]} 4. g3 {[%clk 1:31:36]} O-O
{[%clk 1:31:31]} 5. Bg2 {[%clk 1:31:54]} d6 {[%clk 1:31:50]} 6. O-O {[%clk
1:32:04]} Nc6 {[%clk 1:31:52]} 7. Nc3 {[%clk 1:32:14]} a6 {[%clk 1:32:08]} 8. b3
{[%clk 1:31:48]} Rb8 {[%clk 1:30:56]} 9. Bb2 {[%clk 1:31:15]} b5 {[%clk 1:31:06]}
10. cxb5 {[%clk 1:31:12]} axb5 {[%clk 1:31:29]} 11. Rc1 {[%clk 1:31:02]} b4
{[%clk 1:31:18]} 12. Na4 {[%clk 1:31:00]} Na7 {[%clk 1:30:34]} 13. Qd2 {[%clk
1:31:00]} Ba6 {[%clk 1:22:41]} 14. Ne1 {[%clk 1:16:13]} Bb7 {[%clk 1:15:38]} 15.
Nd3 {[%clk 0:54:21]} Bxg2 {[%clk 1:10:51]} 16. Kxg2 {[%clk 0:54:46]} Ne4 {[%clk
1:07:49]} 17. Qe1 {[%clk 0:52:43]} Qc8 {[%clk 1:07:01]} 18. f3 {[%clk 0:48:35]}
Ng5 {[%clk 1:06:16]} 19. Nxb4 {[%clk 0:48:24]} Qh3+ {[%clk 1:03:02]} 20. Kh1
{[%clk 0:48:06]} Nb5 {[%clk 0:53:47]} 21. Nc6 {[%clk 0:43:40]} f5 {[%clk
0:51:55]} 22. d5 {[%clk 0:41:21]} f4 {[%clk 0:50:59]} 23. Bxg7 {[%clk 0:38:06]}
Kxg7 {[%clk 0:51:19]} 24. Nxb8 {[%clk 0:36:27]} Nd4 {[%clk 0:50:08]} 25. Nc6
{[%clk 0:25:09]} Nf5 {[%clk 0:46:40]} 26. gxf4 {[%clk 0:25:24]} Nf7 {[%clk
0:45:42]} 27. e4 {[%clk 0:25:21]} 1-0

[Event "Greek Team Championship"]
[Site "chess24.com"]
[Date "2017.07.07"]
[Round "6"]
[White "Basinas, Konstantinos"]
[Black "Kalamoukos, Grigorios"]
[Result "1/2-1/2"]
[Board "10"]
[WhiteElo "1411"]
[WhiteCountry "GRE"]
[WhiteFideId "25813285"]
[WhiteEloChange "-2"]
[BlackElo "1331"]
[BlackCountry "GRE"]
[BlackFideId "4298020"]
[BlackEloChange "2"]

1. e4 {[%clk 1:30:57]} c6 {[%clk 1:30:07]} 2. Nc3 {[%clk 1:31:15]} d5 {[%clk
1:30:21]} 3. Nf3 {[%clk 1:31:38]} Bg4 {[%clk 1:30:41]} 4. h3 {[%clk 1:31:51]}
Bxf3 {[%clk 1:30:53]} 5. Qxf3 {[%clk 1:32:07]} e6 {[%clk 1:31:14]} 6. Be2 {[%clk
1:30:29]} Nf6 {[%clk 1:27:36]} 7. e5 {[%clk 1:27:32]} Nfd7 {[%clk 1:27:42]} 8.
Qg3 {[%clk 1:27:38]} c5 {[%clk 1:26:36]} 9. Nb5 {[%clk 1:20:36]} g6 {[%clk
1:22:21]} 10. Nd6+ {[%clk 1:20:45]} Bxd6 {[%clk 1:22:41]} 11. exd6 {[%clk
1:21:07]} Nf6 {[%clk 1:21:37]} 12. d3 {[%clk 1:19:45]} Nbd7 {[%clk 1:18:56]} 13.
O-O {[%clk 1:15:51]} Nb6 {[%clk 1:07:56]} 14. Re1 {[%clk 1:08:21]} Rc8 {[%clk
0:58:05]} 15. Bh6 {[%clk 1:05:33]} Nbd7 {[%clk 0:55:34]} 16. Bf3 {[%clk 0:40:34]}
b5 {[%clk 0:50:45]} 17. Re2 {[%clk 0:38:32]} Qb6 {[%clk 0:43:37]} 18. Rae1 {[%clk
0:35:49]} Rc6 {[%clk 0:19:51]} 19. Bg7 {[%clk 0:31:36]} Rg8 {[%clk 0:20:11]} 20.
Bxf6 {[%clk 0:31:14]} Nxf6 {[%clk 0:20:23]} 21. Qg5 {[%clk 0:30:20]} Qd8 {[%clk
0:19:53]} 22. Bxd5 {[%clk 0:29:06]} Nxd5 {[%clk 0:19:32]} 23. Qxd5 {[%clk
0:29:27]} Qxd6 {[%clk 0:19:51]} 24. Qxd6 {[%clk 0:28:53]} Rxd6 {[%clk 0:20:12]}
25. Re5 {[%clk 0:29:19]} Rc6 {[%clk 0:20:05]} 26. b4 {[%clk 0:29:14]} Ke7 {[%clk
0:19:18]} 27. Rxc5 {[%clk 0:29:27]} Rxc5 {[%clk 0:19:41]} 28. bxc5 {[%clk
0:29:53]} Rc8 {[%clk 0:19:50]} 29. d4 {[%clk 0:30:19]} Rc6 {[%clk 0:19:59]} 30.
Rb1 {[%clk 0:30:30]} a6 {[%clk 0:19:46]} 31. a4 {[%clk 0:30:20]} bxa4 {[%clk
0:19:55]} 32. Ra1 {[%clk 0:30:43]} e5 {[%clk 0:19:23]} 33. c3 {[%clk 0:30:33]}
Ke6 {[%clk 0:18:51]} 34. Rxa4 {[%clk 0:30:36]} Kd5 {[%clk 0:18:39]} 35. f3 {[%clk
0:30:39]} exd4 {[%clk 0:17:42]} 36. cxd4 {[%clk 0:31:01]} Re6 {[%clk 0:17:07]}
37. Kf2 {[%clk 0:31:07]} f5 {[%clk 0:17:22]} 38. g3 {[%clk 0:26:08]} g5 {[%clk
0:16:08]} 39. f4 {[%clk 0:22:55]} gxf4 {[%clk 0:14:34]} 40. gxf4 {[%clk 0:53:20]}
Rg6 {[%clk 0:44:35]} 41. Kf3 {[%clk 0:51:45]} h5 {[%clk 0:44:46]} 42. h4 {[%clk
0:51:43]} Re6 {[%clk 0:44:41]} 43. Rb4 {[%clk 0:52:01]} Rg6 {[%clk 0:43:55]} 44.
Ra4 {[%clk 0:52:26]} Re6 {[%clk 0:44:12]} 45. Rb4 {[%clk 0:52:52]} Rg6 {[%clk
0:43:36]} 46. Ra4 {[%clk 0:53:17]} Re6 {[%clk 0:43:55]} 47. Rb4 {[%clk 0:53:42]}
1/2-1/2

[Event "Greek Team Championship"]
[Site "chess24.com"]
[Date "2017.07.07"]
[Round "6"]
[White "Van Wely, Loek"]
[Black "David, Alberto"]
[Result "0-1"]
[Board "1"]
[WhiteElo "2674"]
[WhiteTitle "GM"]
[WhiteCountry "NED"]
[WhiteFideId "1000268"]
[WhiteEloChange "-6"]
[BlackElo "2567"]
[BlackTitle "GM"]
[BlackCountry "ITA"]
[BlackFideId "4000013"]
[BlackEloChange "6"]

1. d4 {[%clk 1:25:52]} e6 {[%clk 1:30:42]} 2. c4 {[%clk 1:24:49]} Nf6 {[%clk
1:31:04]} 3. Nf3 {[%clk 1:25:01]} b6 {[%clk 1:30:55]} 4. g3 {[%clk 1:25:25]} Bb7
{[%clk 1:31:13]} 5. Bg2 {[%clk 1:25:46]} Bb4+ {[%clk 1:31:01]} 6. Bd2 {[%clk
1:26:05]} a5 {[%clk 1:30:31]} 7. O-O {[%clk 1:26:07]} O-O {[%clk 1:30:52]} 8. Bf4
{[%clk 1:25:47]} Be7 {[%clk 1:28:06]} 9. Nc3 {[%clk 1:18:59]} Ne4 {[%clk
1:26:48]} 10. Qc2 {[%clk 1:17:56]} Nxc3 {[%clk 1:24:28]} 11. Qxc3 {[%clk
1:13:16]} d6 {[%clk 1:16:33]} 12. Rfe1 {[%clk 1:06:22]} Nd7 {[%clk 1:11:34]} 13.
Qc2 {[%clk 1:00:01]} Ra7 {[%clk 1:08:09]} 14. Rad1 {[%clk 0:52:51]} Qa8 {[%clk
1:01:54]} 15. e4 {[%clk 0:49:17]} Nf6 {[%clk 0:53:37]} 16. Nd2 {[%clk 0:48:14]}
c5 {[%clk 0:29:37]} 17. dxc5 {[%clk 0:47:14]} bxc5 {[%clk 0:28:54]} 18. Nb1
{[%clk 0:47:36]} Rd8 {[%clk 0:28:45]} 19. Nc3 {[%clk 0:47:39]} Bc6 {[%clk
0:29:09]} 20. a4 {[%clk 0:43:14]} Rad7 {[%clk 0:24:24]} 21. Nb5 {[%clk 0:38:48]}
Ne8 {[%clk 0:22:42]} 22. Rd3 {[%clk 0:23:46]} Nc7 {[%clk 0:20:11]} 23. Bd2 {[%clk
0:23:14]} e5 {[%clk 0:19:39]} 24. f3 {[%clk 0:19:31]} Ne6 {[%clk 0:17:36]} 25.
Bh3 {[%clk 0:19:45]} Rf8 {[%clk 0:08:04]} 26. Bxe6 {[%clk 0:14:45]} fxe6 {[%clk
0:08:31]} 27. Bc3 {[%clk 0:13:49]} d5 {[%clk 0:06:31]} 28. Bxe5 {[%clk 0:08:45]}
d4 {[%clk 0:06:57]} 29. Qe2 {[%clk 0:06:06]} Bf6 {[%clk 0:03:53]} 30. Bxf6 {[%clk
0:05:17]} gxf6 {[%clk 0:02:18]} 31. e5 {[%clk 0:05:15]} f5 {[%clk 0:01:27]} 32.
Kf2 {[%clk 0:05:31]} f4 {[%clk 0:01:38]} 33. Rg1 {[%clk 0:04:39]} Rg7 {[%clk
0:01:56]} 34. g4 {[%clk 0:04:06]} Qd8 {[%clk 0:02:17]} 35. Kf1 {[%clk 0:01:24]}
h5 {[%clk 0:00:55]} 36. gxh5 {[%clk 0:01:38]} Rxg1+ {[%clk 0:01:18]} 37. Kxg1
{[%clk 0:02:05]} Kh7 {[%clk 0:01:09]} 38. Nd6 {[%clk 0:01:25]} Rg8+ {[%clk
0:00:53]} 39. Kh1 {[%clk 0:01:02]} Qg5 {[%clk 0:00:46]} 40. Rd1 {[%clk 0:30:51]}
Qxh5 {[%clk 0:30:48]} 41. Rf1 {[%clk 0:28:18]} Rg6 {[%clk 0:20:52]} 42. Ne4
{[%clk 0:05:06]} Qxe5 {[%clk 0:20:37]} 43. Re1 {[%clk 0:04:21]} Bxe4 {[%clk
0:07:03]} 44. Qxe4 {[%clk 0:04:48]} Qg5 {[%clk 0:04:53]} 45. Qe2 {[%clk 0:02:50]}
e5 {[%clk 0:05:05]} 46. Qf1 {[%clk 0:02:48]} Qh5 {[%clk 0:03:37]} 47. Qf2 {[%clk
0:01:48]} d3 {[%clk 0:02:54]} 48. Rf1 {[%clk 0:01:17]} Qh3 {[%clk 0:01:06]} 49.
Rg1 {[%clk 0:01:05]} Rxg1+ {[%clk 0:00:38]} 50. Kxg1 {[%clk 0:01:30]} Qd7 {[%clk
0:00:34]} 51. Qh4+ {[%clk 0:01:09]} Kg6 {[%clk 0:00:53]} 52. Qh8 {[%clk 0:01:34]}
d2 {[%clk 0:01:04]} 53. Qg8+ {[%clk 0:01:57]} Kh6 {[%clk 0:00:45]} 54. Qh8+
{[%clk 0:02:17]} Kg6 {[%clk 0:01:08]} 55. Qg8+ {[%clk 0:02:44]} Kh6 {[%clk
0:01:12]} 56. Qh8+ {[%clk 0:03:12]} Qh7 {[%clk 0:01:23]} 57. Qd8 {[%clk 0:03:37]}
Qb1+ {[%clk 0:01:43]} 58. Kg2 {[%clk 0:03:33]} d1Q {[%clk 0:02:05]} 59. Qf8+
{[%clk 0:03:52]} Kg5 {[%clk 0:00:48]} 60. Qe7+ {[%clk 0:04:11]} Kh5 {[%clk
0:00:51]} 61. Qxe5+ {[%clk 0:04:25]} Kh6 {[%clk 0:00:51]} 62. Qxf4+ {[%clk
0:03:46]} Kg6 {[%clk 0:01:03]} 63. Qg3+ {[%clk 0:03:59]} Kf6 {[%clk 0:00:44]} 64.
Qh4+ {[%clk 0:04:07]} Kf7 {[%clk 0:00:57]} 65. Qf4+ {[%clk 0:04:31]} Ke6 {[%clk
0:01:07]} 66. Qh6+ {[%clk 0:04:34]} Kd7 {[%clk 0:01:15]} 67. Qg7+ {[%clk
0:04:36]} Kc6 {[%clk 0:01:21]} 68. Qg6+ {[%clk 0:04:59]} Qxg6+ {[%clk 0:01:21]}
0-1

[Event "Greek Team Championship"]
[Site "chess24.com"]
[Date "2017.07.07"]
[Round "6"]
[White "Theodorou, Nikolas"]
[Black "Halkias, Stelios"]
[Result "1/2-1/2"]
[Board "2"]
[WhiteElo "2500"]
[WhiteTitle "IM"]
[WhiteCountry "GRE"]
[WhiteFideId "4262875"]
[WhiteEloChange "1"]
[BlackElo "2580"]
[BlackTitle "GM"]
[BlackCountry "GRE"]
[BlackFideId "4201809"]
[BlackEloChange "-1"]

1. c4 {[%clk 1:30:23]} c5 {[%clk 1:29:49]} 2. Nf3 {[%clk 1:30:47]} Nc6 {[%clk
1:29:45]} 3. Nc3 {[%clk 1:31:02]} g6 {[%clk 1:29:10]} 4. e3 {[%clk 1:30:38]} Nf6
{[%clk 1:28:39]} 5. d4 {[%clk 1:30:39]} cxd4 {[%clk 1:28:55]} 6. exd4 {[%clk
1:31:04]} d5 {[%clk 1:28:36]} 7. cxd5 {[%clk 1:31:19]} Nxd5 {[%clk 1:28:59]} 8.
Qb3 {[%clk 1:31:35]} e6 {[%clk 1:29:08]} 9. Bg5 {[%clk 1:31:26]} Be7 {[%clk
1:29:15]} 10. Bh6 {[%clk 1:31:39]} Bf8 {[%clk 1:28:52]} 11. Bg5 {[%clk 1:31:52]}
Be7 {[%clk 1:28:57]} 12. Bh6 {[%clk 1:32:10]} Bf8 {[%clk 1:29:15]} 13. Bg5 {[%clk
1:32:05]} Be7 {[%clk 1:29:15]} 1/2-1/2

[Event "Greek Team Championship"]
[Site "chess24.com"]
[Date "2017.07.07"]
[Round "6"]
[White "Georgiadis, Ioannis"]
[Black "Naoum, Spyridon"]
[Result "1-0"]
[Board "3"]
[WhiteElo "2485"]
[WhiteTitle "IM"]
[WhiteCountry "GRE"]
[WhiteFideId "4208900"]
[WhiteEloChange "2"]
[BlackElo "2267"]
[BlackCountry "GRE"]
[BlackFideId "4227506"]
[BlackEloChange "-4"]

1. e4 {[%clk 1:28:48]} c5 {[%clk 1:30:04]} 2. Nf3 {[%clk 1:29:05]} e6 {[%clk
1:29:01]} 3. d4 {[%clk 1:29:25]} cxd4 {[%clk 1:29:29]} 4. Nxd4 {[%clk 1:29:47]}
a6 {[%clk 1:29:55]} 5. Nc3 {[%clk 1:29:43]} Qc7 {[%clk 1:28:53]} 6. Bd3 {[%clk
1:28:09]} Nf6 {[%clk 1:28:31]} 7. f4 {[%clk 1:26:22]} Nc6 {[%clk 1:19:56]} 8.
Nxc6 {[%clk 1:23:25]} Qxc6 {[%clk 0:58:02]} 9. Qe2 {[%clk 1:20:30]} Bb4 {[%clk
0:56:08]} 10. Bd2 {[%clk 1:15:02]} b5 {[%clk 0:54:45]} 11. O-O-O {[%clk 0:59:19]}
Bb7 {[%clk 0:54:21]} 12. Rhe1 {[%clk 0:59:28]} O-O-O {[%clk 0:48:33]} 13. Kb1
{[%clk 0:56:19]} Be7 {[%clk 0:43:20]} 14. e5 {[%clk 0:49:25]} Nd5 {[%clk
0:43:18]} 15. Nxd5 {[%clk 0:48:25]} exd5 {[%clk 0:42:17]} 16. Ba5 {[%clk
0:46:33]} Rde8 {[%clk 0:42:46]} 17. Qd2 {[%clk 0:45:51]} d6 {[%clk 0:39:23]} 18.
Bc3 {[%clk 0:34:40]} Kb8 {[%clk 0:21:59]} 19. exd6 {[%clk 0:30:27]} Bxd6 {[%clk
0:21:40]} 20. Bxg7 {[%clk 0:30:40]} Rxe1 {[%clk 0:20:30]} 21. Rxe1 {[%clk
0:30:24]} Re8 {[%clk 0:20:54]} 22. Rxe8+ {[%clk 0:28:49]} Qxe8 {[%clk 0:21:22]}
23. Bd4 {[%clk 0:28:29]} h6 {[%clk 0:21:15]} 24. a3 {[%clk 0:27:20]} Qe7 {[%clk
0:21:40]} 25. g3 {[%clk 0:26:52]} Bc8 {[%clk 0:22:04]} 26. f5 {[%clk 0:25:08]} h5
{[%clk 0:22:00]} 27. Qh6 {[%clk 0:23:15]} Be5 {[%clk 0:22:01]} 28. Qb6+ {[%clk
0:22:25]} Ka8 {[%clk 0:22:30]} 29. Bxe5 {[%clk 0:14:39]} Qxe5 {[%clk 0:22:59]}
30. a4 {[%clk 0:11:59]} bxa4 {[%clk 0:22:50]} 31. Qd8 {[%clk 0:10:15]} Kb7 {[%clk
0:22:47]} 32. Bxa6+ {[%clk 0:07:31]} Kxa6 {[%clk 0:23:15]} 33. Qxc8+ {[%clk
0:07:51]} Kb6 {[%clk 0:23:40]} 34. Qd7 {[%clk 0:07:00]} f6 {[%clk 0:23:37]} 35.
Ka2 {[%clk 0:04:11]} d4 {[%clk 0:23:46]} 36. Qxa4 {[%clk 0:04:04]} 1-0

[Event "Greek Team Championship"]
[Site "chess24.com"]
[Date "2017.07.07"]
[Round "6"]
[White "Patrelakis, Evaggelos"]
[Black "Kapnisis, Spyridon"]
[Result "0-1"]
[Board "4"]
[WhiteElo "1925"]
[WhiteCountry "GRE"]
[WhiteFideId "4295102"]
[WhiteEloChange "-2"]
[BlackElo "2466"]
[BlackTitle "GM"]
[BlackCountry "GRE"]
[BlackFideId "4203445"]
[BlackEloChange "1"]

1. e4 {[%clk 1:30:55]} g6 {[%clk 1:28:31]} 2. d4 {[%clk 1:31:18]} Bg7 {[%clk
1:28:57]} 3. Nf3 {[%clk 1:31:22]} c6 {[%clk 1:28:59]} 4. Bd3 {[%clk 1:30:01]} d6
{[%clk 1:28:44]} 5. Nbd2 {[%clk 1:29:41]} Nf6 {[%clk 1:26:42]} 6. O-O {[%clk
1:29:19]} O-O {[%clk 1:27:06]} 7. a4 {[%clk 1:28:15]} b6 {[%clk 1:23:40]} 8. Re1
{[%clk 1:27:01]} Qc7 {[%clk 1:20:12]} 9. c3 {[%clk 1:15:33]} e5 {[%clk 1:12:21]}
10. Nc4 {[%clk 1:06:13]} Nh5 {[%clk 1:11:18]} 11. b3 {[%clk 0:54:08]} Be6 {[%clk
0:59:23]} 12. Be3 {[%clk 0:41:15]} f6 {[%clk 0:52:38]} 13. dxe5 {[%clk 0:34:08]}
dxe5 {[%clk 0:50:49]} 14. Qe2 {[%clk 0:31:40]} Re8 {[%clk 0:40:54]} 15. b4 {[%clk
0:28:26]} Nd7 {[%clk 0:38:59]} 16. Ncd2 {[%clk 0:21:17]} Nf8 {[%clk 0:35:16]} 17.
Bc4 {[%clk 0:20:43]} Kh8 {[%clk 0:33:52]} 18. Nb3 {[%clk 0:18:50]} Rad8 {[%clk
0:20:50]} 19. Rad1 {[%clk 0:13:49]} Bc8 {[%clk 0:13:06]} 20. Rxd8 {[%clk
0:12:39]} Rxd8 {[%clk 0:12:56]} 21. Rd1 {[%clk 0:13:02]} Ne6 {[%clk 0:11:51]} 22.
g3 {[%clk 0:11:55]} Bf8 {[%clk 0:09:43]} 23. Rxd8 {[%clk 0:07:24]} Qxd8 {[%clk
0:09:59]} 24. Qd2 {[%clk 0:06:32]} Qc7 {[%clk 0:09:37]} 25. Qd1 {[%clk 0:05:46]}
Nhg7 {[%clk 0:08:44]} 26. Bh6 {[%clk 0:03:50]} Be7 {[%clk 0:08:47]} 27. Qe2
{[%clk 0:03:02]} Ne8 {[%clk 0:08:39]} 28. Bd2 {[%clk 0:02:48]} Nd6 {[%clk
0:07:50]} 29. Bd3 {[%clk 0:03:09]} c5 {[%clk 0:06:47]} 30. c4 {[%clk 0:02:06]}
cxb4 {[%clk 0:05:49]} 31. Bxb4 {[%clk 0:02:34]} Nb7 {[%clk 0:06:00]} 32. Qd2
{[%clk 0:02:19]} Bxb4 {[%clk 0:02:36]} 33. Qxb4 {[%clk 0:02:47]} a5 {[%clk
0:02:55]} 34. Qa3 {[%clk 0:02:28]} Kg7 {[%clk 0:02:15]} 35. Kf1 {[%clk 0:01:56]}
Nbc5 {[%clk 0:02:13]} 36. Nxc5 {[%clk 0:02:00]} Nxc5 {[%clk 0:01:45]} 37. Bc2
{[%clk 0:02:15]} Qd6 {[%clk 0:01:17]} 38. Qa1 {[%clk 0:02:17]} Bh3+ {[%clk
0:00:51]} 39. Ke2 {[%clk 0:01:14]} Bg4 {[%clk 0:01:11]} 40. Ke3 {[%clk 0:31:06]}
Ne6 {[%clk 0:31:01]} 0-1

[Event "Greek Team Championship"]
[Site "chess24.com"]
[Date "2017.07.07"]
[Round "6"]
[White "Brunello, Marina"]
[Black "Antova, Gabriela"]
[Result "1/2-1/2"]
[Board "5"]
[WhiteElo "2367"]
[WhiteTitle "FM"]
[WhiteCountry "ITA"]
[WhiteFideId "822590"]
[WhiteEloChange "-2"]
[BlackElo "2289"]
[BlackTitle "FM"]
[BlackCountry "BUL"]
[BlackFideId "2915235"]
[BlackEloChange "2"]

1. e4 {[%clk 1:29:47]} e5 {[%clk 1:30:51]} 2. Bc4 {[%clk 1:29:53]} Nf6 {[%clk
1:30:46]} 3. d3 {[%clk 1:30:21]} Be7 {[%clk 1:29:53]} 4. Nf3 {[%clk 1:29:42]} d6
{[%clk 1:29:14]} 5. Nbd2 {[%clk 1:25:26]} O-O {[%clk 1:25:42]} 6. Bb3 {[%clk
1:24:16]} c6 {[%clk 1:22:53]} 7. Qe2 {[%clk 1:22:30]} a5 {[%clk 1:17:43]} 8. c3
{[%clk 1:22:34]} Qc7 {[%clk 1:16:47]} 9. O-O {[%clk 1:19:35]} Bg4 {[%clk
1:11:01]} 10. h3 {[%clk 1:18:48]} Bh5 {[%clk 1:11:06]} 11. Re1 {[%clk 1:18:08]}
Nbd7 {[%clk 1:10:55]} 12. Nf1 {[%clk 1:18:07]} Rfe8 {[%clk 0:59:55]} 13. Ng3
{[%clk 1:16:30]} Bg6 {[%clk 0:59:30]} 14. Bg5 {[%clk 1:14:57]} Nh5 {[%clk
0:52:24]} 15. Be3 {[%clk 1:07:48]} Nxg3 {[%clk 0:52:00]} 16. fxg3 {[%clk
1:08:15]} a4 {[%clk 0:49:52]} 17. Bc2 {[%clk 1:08:04]} d5 {[%clk 0:49:52]} 18.
Qf2 {[%clk 1:06:59]} Bd6 {[%clk 0:39:34]} 19. Rf1 {[%clk 1:05:35]} b5 {[%clk
0:36:28]} 20. Kh1 {[%clk 1:01:39]} Rab8 {[%clk 0:30:57]} 21. Nh4 {[%clk 0:54:44]}
Nf8 {[%clk 0:25:42]} 22. Qf3 {[%clk 0:45:16]} Qb7 {[%clk 0:23:00]} 23. Nxg6
{[%clk 0:39:56]} hxg6 {[%clk 0:22:48]} 24. Rae1 {[%clk 0:39:27]} dxe4 {[%clk
0:20:38]} 25. Qxe4 {[%clk 0:39:19]} c5 {[%clk 0:17:04]} 26. Qg4 {[%clk 0:36:21]}
Ne6 {[%clk 0:13:28]} 27. Bd1 {[%clk 0:35:04]} Qd7 {[%clk 0:12:01]} 28. Bf3 {[%clk
0:31:08]} Bc7 {[%clk 0:12:18]} 29. Rd1 {[%clk 0:30:33]} Re7 {[%clk 0:07:14]} 30.
h4 {[%clk 0:25:56]} Rb6 {[%clk 0:04:03]} 31. Ba8 {[%clk 0:24:47]} Rd6 {[%clk
0:04:06]} 32. Qf3 {[%clk 0:23:46]} Bb6 {[%clk 0:03:03]} 33. g4 {[%clk 0:22:56]}
Re8 {[%clk 0:03:02]} 34. Be4 {[%clk 0:23:07]} Bd8 {[%clk 0:02:17]} 35. g5 {[%clk
0:19:25]} Bb6 {[%clk 0:02:05]} 36. Rd2 {[%clk 0:18:17]} Re7 {[%clk 0:01:24]} 37.
Rdf2 {[%clk 0:16:22]} Ba7 {[%clk 0:01:21]} 38. h5 {[%clk 0:11:30]} Nf8 {[%clk
0:01:23]} 39. hxg6 {[%clk 0:09:32]} Nxg6 {[%clk 0:01:48]} 40. Qh5 {[%clk
0:39:47]} c4 {[%clk 0:30:38]} 41. Bxa7 {[%clk 0:34:29]} Qxa7 {[%clk 0:31:02]} 42.
Rf3 {[%clk 0:34:41]} Ree6 {[%clk 0:22:05]} 43. Bf5 {[%clk 0:28:04]} cxd3 {[%clk
0:19:17]} 44. Bxe6 {[%clk 0:26:55]} Rxe6 {[%clk 0:19:42]} 45. Rxd3 {[%clk
0:26:54]} Re8 {[%clk 0:19:15]} 46. Qg4 {[%clk 0:23:33]} Nf4 {[%clk 0:15:22]} 47.
Rd7 {[%clk 0:23:36]} Qe3 {[%clk 0:15:31]} 48. Qf3 {[%clk 0:20:32]} Qb6 {[%clk
0:15:05]} 49. Rb7 {[%clk 0:19:21]} Qg6 {[%clk 0:14:54]} 50. Rxb5 {[%clk 0:16:29]}
Qxg5 {[%clk 0:14:38]} 51. Ra5 {[%clk 0:15:07]} Qh6+ {[%clk 0:14:43]} 52. Kg1
{[%clk 0:15:14]} Qb6+ {[%clk 0:15:07]} 53. Kh2 {[%clk 0:15:41]} Qxa5 {[%clk
0:15:00]} 54. g3 {[%clk 0:16:07]} Qd5 {[%clk 0:11:53]} 55. gxf4 {[%clk 0:16:29]}
Qxa2 {[%clk 0:11:48]} 56. fxe5 {[%clk 0:13:35]} Qxb2+ {[%clk 0:11:38]} 57. Rf2
{[%clk 0:13:25]} Qb3 {[%clk 0:12:03]} 58. Qc6 {[%clk 0:11:22]} Qb8 {[%clk
0:09:27]} 59. Qxa4 {[%clk 0:10:42]} Qxe5+ {[%clk 0:09:33]} 60. Kg2 {[%clk
0:10:29]} Qe4+ {[%clk 0:07:39]} 61. Qxe4 {[%clk 0:10:56]} Rxe4 {[%clk 0:08:00]}
62. Kf3 {[%clk 0:11:16]} Rc4 {[%clk 0:08:17]} 63. Rc2 {[%clk 0:11:44]} f5 {[%clk
0:07:23]} 64. Ke3 {[%clk 0:12:12]} Kf7 {[%clk 0:07:32]} 65. Kd3 {[%clk 0:12:39]}
Rc7 {[%clk 0:05:48]} 66. Kd4 {[%clk 0:11:51]} Kf6 {[%clk 0:05:46]} 67. c4 {[%clk
0:12:06]} g5 {[%clk 0:05:51]} 68. c5 {[%clk 0:12:13]} g4 {[%clk 0:05:14]} 69. c6
{[%clk 0:12:07]} Kg5 {[%clk 0:04:11]} 70. Ke3 {[%clk 0:11:58]} f4+ {[%clk
0:03:38]} 71. Kf2 {[%clk 0:08:12]} Kf5 {[%clk 0:03:24]} 72. Rc5+ {[%clk 0:08:23]}
Ke4 {[%clk 0:03:43]} 73. Rc4+ {[%clk 0:08:41]} Ke5 {[%clk 0:04:02]} 74. Kg2
{[%clk 0:06:32]} Kf5 {[%clk 0:04:17]} 75. Kf2 {[%clk 0:06:31]} Kg5 {[%clk
0:03:39]} 76. Kg2 {[%clk 0:06:40]} Kf5 {[%clk 0:02:39]} 77. Kf2 {[%clk 0:07:06]}
Ke5 {[%clk 0:02:33]} 78. Kg2 {[%clk 0:06:50]} Kf5 {[%clk 0:01:36]} 1/2-1/2

[Event "Greek Team Championship"]
[Site "chess24.com"]
[Date "2017.07.07"]
[Round "6"]
[White "Karavitaki, Evaggelia"]
[Black "Avramidou, Anastasia"]
[Result "0-1"]
[Board "6"]
[WhiteElo "1690"]
[WhiteCountry "GRE"]
[WhiteFideId "4295021"]
[WhiteEloChange "-2"]
[BlackElo "2247"]
[BlackTitle "FM"]
[BlackCountry "GRE"]
[BlackFideId "4239873"]
[BlackEloChange "2"]

1. e4 {[%clk 1:30:57]} d6 {[%clk 1:29:45]} 2. d4 {[%clk 1:31:19]} Nf6 {[%clk
1:30:05]} 3. Nc3 {[%clk 1:31:42]} c6 {[%clk 1:30:30]} 4. f4 {[%clk 1:31:52]} Qa5
{[%clk 1:30:56]} 5. Bd3 {[%clk 1:32:17]} e5 {[%clk 1:31:21]} 6. Nf3 {[%clk
1:32:25]} exd4 {[%clk 1:31:43]} 7. Nxd4 {[%clk 1:32:48]} g6 {[%clk 1:32:09]} 8.
O-O {[%clk 1:12:33]} Bg7 {[%clk 1:31:00]} 9. Kh1 {[%clk 1:12:22]} O-O {[%clk
1:31:21]} 10. f5 {[%clk 1:06:30]} Nbd7 {[%clk 1:25:45]} 11. Qe1 {[%clk 1:03:53]}
Qe5 {[%clk 1:19:18]} 12. Nf3 {[%clk 1:01:47]} Qe7 {[%clk 1:19:42]} 13. Qh4 {[%clk
0:57:41]} b5 {[%clk 1:10:06]} 14. a3 {[%clk 0:56:25]} Bb7 {[%clk 0:42:44]} 15.
Bh6 {[%clk 0:50:56]} Rae8 {[%clk 0:31:36]} 16. Rae1 {[%clk 0:47:24]} Nh5 {[%clk
0:15:36]} 17. Bg5 {[%clk 0:42:57]} Bf6 {[%clk 0:09:34]} 18. g4 {[%clk 0:28:34]}
Bxg5 {[%clk 0:09:59]} 19. Nxg5 {[%clk 0:28:48]} h6 {[%clk 0:10:25]} 20. Nf3
{[%clk 0:19:56]} Qxh4 {[%clk 0:10:42]} 21. Nxh4 {[%clk 0:20:24]} g5 {[%clk
0:07:09]} 22. gxh5 {[%clk 0:18:54]} gxh4 {[%clk 0:07:33]} 23. Rf4 {[%clk
0:16:32]} Nf6 {[%clk 0:07:02]} 24. Rxh4 {[%clk 0:15:29]} a6 {[%clk 0:06:10]} 25.
Rh3 {[%clk 0:15:04]} Kh8 {[%clk 0:05:55]} 26. Kg2 {[%clk 0:13:28]} c5 {[%clk
0:05:45]} 27. Rhe3 {[%clk 0:11:18]} Re5 {[%clk 0:05:37]} 28. Kh3 {[%clk 0:10:09]}
Rfe8 {[%clk 0:04:56]} 29. b3 {[%clk 0:08:10]} d5 {[%clk 0:04:51]} 30. Nd1 {[%clk
0:06:53]} dxe4 {[%clk 0:05:06]} 31. Nf2 {[%clk 0:04:56]} Rxf5 {[%clk 0:05:17]}
32. Nd1 {[%clk 0:01:28]} Rxh5+ {[%clk 0:05:34]} 33. Kg3 {[%clk 0:01:51]} Rg8+
{[%clk 0:05:58]} 34. Kf2 {[%clk 0:01:52]} Rxh2+ {[%clk 0:06:02]} 35. Kf1 {[%clk
0:02:00]} Rh1+ {[%clk 0:05:29]} 36. Kf2 {[%clk 0:02:10]} Ng4+ {[%clk 0:05:40]}
0-1